000 00259nam a2200121Ia 4500
100 _aMylius. R.
942 _cBK
654 _aComputer
245 _aLotus 1-2-3 : Students work book
260 _bBPB Pub
_aNew Delhi
_c1987
546 _aENGLISH
999 _c26418
_d26418